| 000 | 00484nam a2200181Ia 4500 | ||
|---|---|---|---|
| 008 | 131103s9999 xx 000 0 und d | ||
| 040 | _aLoreto College | ||
| 041 | _aEnglish | ||
| 082 |
_a740/TUR _bLCBED/2175 |
||
| 245 |
_aGreat schools of painting _b a first book of European art |
||
| 260 |
_aLondon _bSidgwick _c1915 |
||
| 300 |
_axii,244p. _b ill. _c 20cm. |
||
| 504 | _aIncludes index | ||
| 650 | _aArt | ||
| 651 | _aEuropean - Art | ||
| 850 | _aLCBED/740/TUR | ||
| 942 | _cBK | ||
| 999 |
_c29969 _d80448 |
||